Vývoj obyvatelstva v České republice v roce 2008

Charakteristika populačného vývoja v roku 2008 v Českej republike. Počet obyvateľov a zloženie obyvateľstva podľa veku a rodinného stavu. Sobášnosť. Ukazovatele sobášnosti slobodných (2001-2008). Ukazovatele rozvodovosti. Pôrodnosť a potratovosť. Úmrtnosť. Zahraničná migrácia. Vnútorná migrácia.

Na minha lista:
Detalhes bibliográficos
Autor principal: Štyglerová, Terezie
Formato: Capítulo de Livro
Idioma:tcheco
Assuntos:
Tags: Adicionar Tag
Sem tags, seja o primeiro a adicionar uma tag!

MARC

LEADER 00000naa$a2200000$$$4500
001 0109665
005 20241125124828.9
041 0 |a cze 
044 |a CZ 
245 1 0 |a Vývoj obyvatelstva v České republice v roce 2008  |c Terezie Štyglerová 
520 |a Charakteristika populačného vývoja v roku 2008 v Českej republike. Počet obyvateľov a zloženie obyvateľstva podľa veku a rodinného stavu. Sobášnosť. Ukazovatele sobášnosti slobodných (2001-2008). Ukazovatele rozvodovosti. Pôrodnosť a potratovosť. Úmrtnosť. Zahraničná migrácia. Vnútorná migrácia. 
610 2 0 |a demografia 
610 2 0 |a populácia 
610 2 0 |a obyvateľstvo 
610 2 0 |a pôrodnosť 
610 2 0 |a úmrtnosť 
610 2 0 |a migrácia 
610 2 0 |a vývoj 
610 2 0 |a sobášnosť 
610 2 0 |a Česko 
100 1 |a Štyglerová, Terezie